00806 2200229 4500001002100000005001700021008004100038035002400079090002200103245012000125250001100245260011100256300002300367500003100390650006200421700001200483700002100495850001500516999001500531999001500546999001500561YOGYA-0209000002181520090227023559.0 ind  0010-020900000021815 a959.823bSejlYog aSEJARAH kebangkitan nasional Daerah Istimewa Yogyakartactim peneliti, Tashadi...[et.al.] ; editor, Sutrisno Kutoyo aCet. 1 aJakartabDepdikbud. Pusat Penelitian Sejarah Budaya Proyek Penelitian dan Pencatatan Kebudayaanc1977/1978 aix, 177 hlmc23 cm aBibliografi : hlm. 175-177 aDaerah Istimewa Yogyakarta - Sejarah kebangkitan nasional aTashadi aKutoyo, Sutrisno aYOPDYOG(B) a06A0018767 a06A0018768 a06A0018769